书目信息 |
| 题名: |
写人与记事列话
|
|
| 作者: | 王震亚 著 | |
| 分册: | ||
| 出版信息: | 首都师范大学出版社 1999.01 |
|
| 页数: | 248页 | |
| 开本: | 32开 | |
| 丛书名: | ||
| 单 册: | ||
| 中图分类: | G633.34 | |
| 科图分类: | ||
| 主题词: | 教育--各级 | |
| 电子资源: | ||
| ISBN: | 7-81064-000-3 | |
| 000 | 00542nam0 2200193 45 | |
| 001 | 0008140903 | |
| 005 | 20000814095328.6 | |
| 010 | @a7-81064-000-3@d8.00元 | |
| 100 | @a20000814d1999 km y0chiy0120 ea | |
| 101 | 0 | @achi |
| 105 | @a z 000yy | |
| 200 | 1 | @a写人与记事列话@AXie Ren Yu Ji Shi Lie Hua@f王震亚 著@FWang Zhen Ya Zhu |
| 210 | @a首都师范大学出版社@d1999.01 | |
| 215 | @a248页@d32开 | |
| 606 | 0 | @a教育@x各级 |
| 690 | @aG633.34@v3 | |
| 701 | 0 | @a王震亚@4著 |
| 801 | @aCN@bPftUser@c20000814 | |
| 905 | @b105525-527@dG633.34@eW931@f3 | |
| 写人与记事列话/王震亚 著.-首都师范大学出版社,1999.01 |
| 248页;32开 |
| ISBN 7-81064-000-3:8.00元 |
| ● |
| 相关链接 |
|
|
|
正题名:写人与记事列话
索取号:G633.34/W931
 
预约/预借
| 序号 | 登录号 | 条形码 | 馆藏地/架位号 | 状态 | 备注 |
| 1 | 105525 | 201055259 | 社科库409/409社科库 7排2列4层/ [索取号:G633.34/W931] | 在馆 | |
| 2 | 105526 | 201055268 | 社科库409/409社科库 7排2列4层/ [索取号:G633.34/W931] | 在馆 | |
| 3 | 105527 | 201055277 | 社科库409/409社科库 7排2列4层/ [索取号:G633.34/W931] | 在馆 |